Normal view
MARC view
Entry Personal Name
001 - CONTROL NUMBER
- control field: 3511
003 - CONTROL NUMBER IDENTIFIER
- control field: OSt
005 - DATE AND TIME OF LATEST TRANSACTION
- control field: 20150401125952.0
008 - FIXED-LENGTH DATA ELEMENTS
- fixed length control field: 150401|| aca||aabn | a|a d
040 ## - CATALOGING SOURCE
- Original cataloging agency: OSt
- Transcribing agency: OSt
100 ## - HEADING--PERSONAL NAME
- Personal name: Jones Peter F.
670 ## - SOURCE DATA FOUND
- Source citation: Work cat.: (OSt): Emergency Abdominal surgery /, 1998.
